| 000 | 00943cam a2200301 4500 | ||
|---|---|---|---|
| 001 | 11532 | ||
| 003 | BD-RjUL | ||
| 005 | 20211208235136.0 | ||
| 008 | 701201s1971 enkab b 001 0 eng | ||
| 035 | _a(BD-RjUL)11581 | ||
| 040 |
_aDLC _cDLC _dBD-RjUL _beng |
||
| 041 | _aeng | ||
| 082 | 0 | 0 |
_a595.78 _bROL 1971 |
| 100 | 1 |
_aRobinson, Roy. _935677 |
|
| 245 | 1 | 0 | _aLepidoptera genetics / |
| 250 | _a[1st ed.] | ||
| 260 |
_aOxford, _aNew York, _bPergamon Press. _cc1971. |
||
| 300 |
_aix, 687 p. : _billus., maps. ; _c26 cm. |
||
| 490 | 1 |
_aInternational series of monographs in pure and applied biology. Division: Zoology, _vv. 46 |
|
| 504 | _aBibliography: p. 599-658. | ||
| 650 | 0 |
_aLepidoptera. _935678 |
|
| 650 | 0 |
_aInsects _xGenetics. _935679 |
|
| 830 | 0 |
_vv. 46. _935685 |
|
| 830 | 0 |
_aInternational series of monographs on pure and applied biology. _935686 |
|
| 942 |
_2ddc _cBK |
||
| 999 |
_c11532 _d11532 |
||